| 000 | 01342nam0a2200337 4500 | ||
|---|---|---|---|
| 001 | RU\NLR\BIBL_A\022226700 | ||
| 005 | 20240729150144.0 | ||
| 010 |
_a978-5-17-144927-8 _92000 |
||
| 021 |
_aRU _bКН-П-24-019740 _9КН-П-24-2065 |
||
| 035 | _a(NLR Aleph) 022226700 | ||
| 090 |
_a13118474 _c13118474 |
||
| 100 | _a20240520d2024 u y0rusy50 ca | ||
| 101 | 1 |
_arus _gger |
|
| 102 | _aRU | ||
| 105 | _ay|||z|||000yy | ||
| 181 | 0 |
_ai4 _baxxe |
|
| 182 | 0 | _an | |
| 200 | 1 |
_aЕдинственный и его собственность _fМакс Штирнер _gперевод с немецкого Б. Гиммельфарба, М. Гохшиллера |
|
| 203 |
_aТекст _bвизуальный _cнепосредственный |
||
| 210 |
_aМосква _cАСТ _d2024 |
||
| 215 |
_a477, [1] с. _d18 |
||
| 225 | 1 | _aСерия "Эксклюзивная классика" | |
| 225 | 1 | _aКниги, изменившие мир. Писатели, объединившие поколения | |
| 333 | _a16+ | ||
| 606 | 1 |
_aЛевогегельянство _2nlr_sh1 _2nlr_sh2 _3RU\NLR\AUTH\66253924 |
|
| 686 | 1 | _aЮ3(4Г)5-563.82 | |
| 700 | 1 |
_aШтирнер _bМ. _f1806-1856 _gМакс _3RU\NLR\AUTH\7778902 |
|
| 942 | _cBOOK | ||
| 980 | _aNB | ||